La vita sessuale dell'uomo /

Uloženo v:
Podrobná bibliografie
Hlavní autor: Blasy, R. (Autor)
Médium: Kniha
Jazyk:italština
Vydáno: Milano : De Vecchi ed., 1963
Témata:
Tagy: Přidat tag
Žádné tagy, Buďte první, kdo vytvoří štítek k tomuto záznamu!

MARC

LEADER 00000nam a22000001i 4500
001 IT\ICCU\SBL\0250977
003 ItRI
005 20260115232338.0
008 910930s1963 it |||||| ||||| |||||c
015 |2 IT  |a 6311508 
040 |b ita  |c importazione bologna sebina 
041 7 |a ita  |2 ISO-639-2 
082 |a 301.424  |9 SESSO  |2 16 
100 1 |a Blasy, R.  |0 IT\ICCU\SBLV\142955  |4 aut 
245 1 3 |a La vita sessuale dell'uomo /  |c R. Blasy. 
260 |a Milano :  |b De Vecchi ed.,  |c 1963 
300 |a 127 p. :  |b ill. ;  |c 17 cm 
500 |a N. 1 di una collana senza tit . 
650 7 |a Sesso 
942 |2 ddc  |c BK  |n 0 
952 |0 0  |1 0  |4 0  |6 DOC_306_708000000000000_BLA  |7 0  |9 24536  |a BO  |b BO  |d 2026-01-15  |i 39  |l 0  |o DOC 306.708 BLA  |p BO39  |r 2026-01-15 23:23:38  |w 2026-01-15  |x [Sebina 7] [1 v.]  |y BK  |z 1 v. 
999 |c 20879  |d 20879